Software architecture : (Record no. 3102)
[ view plain ]
| 000 -LEADER | |
|---|---|
| fixed length control field | 00649cam a22002052 4500 |
| 001 - CONTROL NUMBER | |
| control field | 0000006308 |
| 005 - DATE AND TIME OF LATEST TRANSACTION | |
| control field | 20151217145832.0 |
| 008 - FIXED-LENGTH DATA ELEMENTS--GENERAL INFORMATION | |
| fixed length control field | 071016s xx 000 0 eng d |
| 020 ## - INTERNATIONAL STANDARD BOOK NUMBER | |
| International Standard Book Number | 81203147700 : |
| Terms of availability | KES 2320 |
| 040 ## - CATALOGING SOURCE | |
| Original cataloging agency | KABU |
| Transcribing agency | KABU |
| 100 1# - MAIN ENTRY--PERSONAL NAME | |
| Personal name | Shaw, Mary. |
| -- | 0000157730 |
| 245 10 - TITLE STATEMENT | |
| Title | Software architecture : |
| Remainder of title | perspective on an emerging discipline / |
| Statement of responsibility, etc. | Mary Shaw and David Garlan. |
| 260 ## - PUBLICATION, DISTRIBUTION, ETC. (IMPRINT) | |
| Place of publication, distribution, etc. | New Delhi : |
| Name of publisher, distributor, etc. | Prentice-Hall, |
| Date of publication, distribution, etc. | 1996. |
| 300 ## - PHYSICAL DESCRIPTION | |
| Extent | xxi, 242 p. |
| 650 #0 - SUBJECT ADDED ENTRY--TOPICAL TERM | |
| Topical term or geographic name as entry element | Software architecture. |
| -- | 0000157731 |
| 700 1# - ADDED ENTRY--PERSONAL NAME | |
| Personal name | Garlan, David. |
| -- | 0000157732 |
| 908 ## - PUT COMMAND PARAMETER (RLIN) | |
| Put command parameter | 071016 |
| 950 ## - LOCAL HOLDINGS (RLIN) | |
| -- | 1 |
| Withdrawn status | Lost status | Source of classification or shelving scheme | Not for loan | Home library | Current library | Date acquired | Total Checkouts | Total Renewals | Full call number | Barcode | Date last seen | Date last checked out | Price effective from | Koha item type |
|---|---|---|---|---|---|---|---|---|---|---|---|---|---|---|
| Library of Congress Classification | Kabarak, Main Campus | Kabarak, Main Campus | 17/12/2015 | 1 | 1 | QA76.754 .S53 | 002163 | 09/10/2023 | 05/10/2023 | 17/12/2015 | General Collection |